The WTO and India : Issues and Neogotiating Strategies (Record no. 503104)

000 -LEADER
fixed length control field 00407cam a22001217a 4500
008 - FIXED-LENGTH DATA ELEMENTS--GENERAL INFORMATION
fixed length control field 180718b2010 xxu||||| |||| 00| 0 eng d
020 ## - INTERNATIONAL STANDARD BOOK NUMBER
International Standard Book Number 9788125040422
082 ## - DEWEY DECIMAL CLASSIFICATION NUMBER
Classification number T39x54 B288
245 ## - TITLE STATEMENT
Title The WTO and India : Issues and Neogotiating Strategies
Statement of responsibility, etc. Edited By Alokesh Barua and Robert M. Stern
260 ## - PUBLICATION, DISTRIBUTION, ETC.
Place of publication, distribution, etc. New Delhi
Name of publisher, distributor, etc. Orient Blackswan
Date of publication, distribution, etc. 2010
300 ## - PHYSICAL DESCRIPTION
Extent 409p.
700 ## - ADDED ENTRY--PERSONAL NAME
Personal name Barua, Alokesh and Stern M. Robert
Holdings
Withdrawn status Lost status Damaged status Not for loan Permanent Location Current Location Date acquired Full call number Barcode Date last seen Price effective from Koha item type
        Indian Institute of Public Administration Indian Institute of Public Administration 2018-08-04 T39x54 B288 GR19530 2018-08-04 2018-08-04 GR

Powered by Koha